000 00798nam a22002177a 4500
999 _c17627
_d17627
003 AR-CdUCM
008 190509b ||||| |||| 00| 0 spa d
040 _aMUNICIPALIDAD PROVINCIAL DEL CUSCO
_cBIBLIOTECA MUNICIPAL DEL CUSCO
082 _a184 /
_bP71
100 _aPlatón
_917519
245 _aTimeo /
260 _aMadrid :
_bAguilar,
_c1963.
300 _a215 paginas ;
_c17 cm.
505 _aContenido :Cuestiones previas critico-históricas --Los grandes temas del Timeo --Dimensión y sentido de algunos problemas cosmológicos del Timeo /
650 _aDiálogos filosóficos
_916453
650 _aFilosofía antigua
_95338
650 _aCosmología
_913090
700 _aSamaranch, Francisco de P (traducción del Griego)
_937761
942 _2ddc
_cLIBROS
945 _arjall
_d2019-05-09